000 00944nam a22001817a 4500
999 _c63779
_d63779
003 Ge_BSU
005 20260113145109.0
008 260113s1980 ge ||||| |||| 00| 0 geo d
041 _ageo
080 _a338.26 ს-25
100 _aსანთელაძე, ნუგზარ
_925019
245 _aსახალხო მეურნეობის გრძელვადიანი დაგეგმვა, პროგნოზირება და მიზნობრივი კომპლექსური პროგრამები /
_cნუგზარ სანთელაძე.
264 _aთბ. :
_b საბჭ. საქართველო,
_c1980.
300 _a183 გვ. ;
_b20 სმ.
653 _aსახალხო მეურნეობის დაგეგმვა
653 _aეკონომიკური პროგნოზირება
942 _2udc
_cᲬᲘᲒᲜᲘ